000 02137nam0a2200397 4500
001 RU\NLR\bibl\1003117
005 20260406095925.0
010 _a5-94856-175-5
_9300
021 _aRU
_b2006-58447
_92894
035 _a(nilc)RSL-KNO-002950096
035 _a(NLR Aleph) 000990813
090 _a517682
_c517682
100 _a20061004d2006 |||y0rusy50 ca
101 0 _arus
102 _aRU
105 _ay |||||||||
106 _ar
200 1 _aСовременное состояние и перспективы развития предпринимательства в социальной сфере
_fА.Б. Крутик, М.В. Решетова
_gпод науч. ред. Засл. деят. науки РФ, д.э.н., проф. А.Б. Крутика
_gМ-во образования и науки Рос. Федерации, Балт. акад. туризма и предпринимательства, Каф. экономики и предпринимательства
210 _aСанкт-Петербург
_cАстерион
_d2006
215 _a148,[1] с.
_d20
300 _aНа 4-й с. обл. авт.: Крутик А.Б., Засл. деят. науки Рос. Федерации, д.э.н., проф., Решетова М.В., к.э.н., доц., чл.-корр. Акад. гуманит. наук
320 _aБиблиогр.: с. 141-148 (159 назв.)
606 1 _aСоциальная сфера
_xПредпринимательство
_92210051
_3RU\NLR\auth\661327642
610 0 _aЭкономика -- Российская Федерация -- Социальная сфера
686 _aУ9(2)0-968,0
_2rubbk
686 _aУ9(2)-13(2Р)
686 _aУ27(2)2-13
700 1 _4070
_8rus
_7ca
_aКрутик
_bА. Б.
_f1945-
_gАлександр Борисович
_3RU\NLR\auth\7774487
_957415
701 1 _aРешетова
_bМ. В.
_gМарина Вячеславовна
_4070
801 0 _aRU
_bРКП
_c20061004
_grcr
801 1 _aRU
_bРГБ
_c20061004
801 2 _aRU
_bNLR
_c20061101
_grcr
830 _aАвт. по кн.
942 _cBOOK
980 _aNB